ARRUPE JESUIT UNIVERSITY

CORONAVIRUS -STOP THE SPREAD - CLEAN,DISINFECT,COVER

Eats, shoots & leaves : (Record no. 130913)

MARC details
000 -LEADER
fixed length control field 01043cam a2200301 a 4500
001 - CONTROL NUMBER
control field 13524444
003 - CONTROL NUMBER IDENTIFIER
control field ARRUPE
005 - DATE AND TIME OF LATEST TRANSACTION
control field 20211019093427.0
008 - FIXED-LENGTH DATA ELEMENTS--GENERAL INFORMATION
fixed length control field 040109s2003 enk b 000 0 eng d
010 ## - LIBRARY OF CONGRESS CONTROL NUMBER
LC control number 2004396867
020 ## - INTERNATIONAL STANDARD BOOK NUMBER
International Standard Book Number 1861976127
035 ## - SYSTEM CONTROL NUMBER
System control number (OCoLC)ocm53999333
040 ## - CATALOGING SOURCE
Original cataloging agency IEKBA
Transcribing agency IEKBA
Modifying agency DLC
042 ## - AUTHENTICATION CODE
Authentication code lccopycat
050 00 - LIBRARY OF CONGRESS CALL NUMBER
Classification number PE1450
Item number .T75 2003
082 00 - DEWEY DECIMAL CLASSIFICATION NUMBER
Classification number 428.2
Edition number 22
300 ## - PHYSICAL DESCRIPTION
Dimensions 20 cm.
100 1# - MAIN ENTRY--PERSONAL NAME
Personal name Truss, Lynne.
9 (RLIN) 50541
245 10 - TITLE STATEMENT
Title Eats, shoots & leaves :
Remainder of title the zero tolerance approach to punctuation /
Statement of responsibility, etc Lynne Truss.
246 3# - VARYING FORM OF TITLE
Title proper/short title Eats, shoots, and leaves
260 ## - PUBLICATION, DISTRIBUTION, ETC. (IMPRINT)
Place of publication, distribution, etc London :
Name of publisher, distributor, etc Profile Books,
Date of publication, distribution, etc 2003.
300 ## - PHYSICAL DESCRIPTION
Extent x, 209 p. ;
504 ## - BIBLIOGRAPHY, ETC. NOTE
Bibliography, etc Includes bibliographical references (p. 205-209).
650 #0 - SUBJECT ADDED ENTRY--TOPICAL TERM
Topical term or geographic name as entry element English language
General subdivision Punctuation.
9 (RLIN) 42784
906 ## - LOCAL DATA ELEMENT F, LDF (RLIN)
a 7
b cbc
c copycat
d 1
e ncip
f 20
g y-gencatlg
942 ## - ADDED ENTRY ELEMENTS (KOHA)
Source of classification or shelving scheme Library of Congress Classification
Koha item type Monograph ( Printed materials)
Holdings
Withdrawn status Lost status Source of classification or shelving scheme Damaged status Not for loan Collection code Home library Current library Shelving location Date acquired Total Checkouts Full call number Barcode Date last seen Price effective from Koha item type
    Library of Congress Classification     Main Collection ARRUPE LIBRARY ARRUPE LIBRARY Main Collection 19/10/2021   PE1450 .T75 2003 46600007215 19/10/2021 19/10/2021 Monograph ( Printed materials)

 

Arrupe Library. PO Box MP320 Mt Pleasant, Harare, Zimbabwe
263 242 745411|librarian@aju.ac.zw